00969nam a22001817a 450000500170000000800430001702000180006005000220007810000560010024501430015625000230029926001890032230000630051165000380057465000520061265100870066470000360075120220204112306.0220204b mx ||||| |||| 00| 0 spa d a978607745205804aML3570 bG64 20151 aGómez, José Antonio, d1805-1876, ecompositor.10aPieza histórica sobre la independencia de la nación mexicana / cJosé Antonio Gómez ; revisión y edición, Lidia Guerberof Hahn aPrimera edición  aMéxico, D.F. : [2015]bConsejo Nacional para la Cultura y las Artes, Fonoteca Nacional : bConsejo Nacional para la Cultura y las Arte, Dirección General de Publicaciones,c©2015 a117 páginas : bgrabados, partituras e+ 1 CD-ROMc32 cm 72lembaHimnos nacionaleszMéxico 72lembaMúsica para piano zMéxicoySiglo XIX 72lembaMéxicoxHistoriaxCanciones y músicayGuerra de independencia, 1810-18211 aGuerberof Hahn, Lidia, eeditor